| 000 | 00539cam a22002052 4500 | ||
|---|---|---|---|
| 001 | 0000002477 | ||
| 005 | 20151217145729.0 | ||
| 008 | 070411s xx 000 0 eng d | ||
| 020 | _a0155004700 : | ||
| 040 |
_aKABU _cKABU |
||
| 050 | 0 |
_aHF5625 _b.B45 |
|
| 100 | 1 |
_aBelkaoui, Almed. _@0000151842 |
|
| 245 | 1 | 0 | _aAcounting theory. |
| 260 |
_aNew York : _bHarcourt Brace, _c1981. |
||
| 300 | _axii, 318 p. | ||
| 650 | 0 |
_aAccounting. _@0000148321 |
|
| 908 | _a070411 | ||
| 950 | _@1 | ||
| 999 |
_c2001 _d2001 |
||